000 01038nam a2200265 i 4500
001 177500
003 ES-MaACL
005 20230906220342.0
008 110329s1964 sp |||| | spa d
080 _a929 Platón
100 1 _aHoria, Vintila (
_d1915-1992)
_964193
245 1 0 _aPlatón, personaje de novela /
_cVintila Horia.
260 _aMadrid :
_bAteneo :
_bEditora Nacional,
_c1964.
300 _a26 p. ;
_c20 cm.
490 1 _aColección Ateneo ;
_v19
594 _aConferencia pronunciada en el Ateneo de Madrid el 28 de enero de 1964.
598 _aEn verso de anteport.: Esta colección la publica Editora Nacional.
600 0 4 _aPlatón.
_992598
610 2 7 _aAteneo de Madrid-
_vConferencias-
_y1940-1982.
_91908
710 2 _aAteneo de Madrid.
_91875
830 0 _aColección Ateneo ;
_v19
_9180032
852 _aES-MaACL
_jA-6238 (19)
_xOlim P-512-bis
_z- En lomo: 12-22
852 _aES-MaACL
_jP-211-Ter-2-8
_z.- En lomo: 12-22.-
999 _c177500
_d177500